| 000 | 00932nas a2200313 4500 | ||
|---|---|---|---|
| 001 | BR0804375 | ||
| 003 | BR-BrBNA | ||
| 005 | 20231205112336.0 | ||
| 007 | ta | ||
| 008 | 230509b bl.|||p| |||| 00| 00por d | ||
| 040 |
_aBR-BrBNA _bpor _cBiblioteca Nacional de Agricultura |
||
| 041 | _a(Pt) | ||
| 072 | _aQ03; Q04 | ||
| 100 | 1 | _aVieites, R.L. | |
| 100 | 1 | _aEvangelista, R.M. | |
| 100 | 1 | _aManoel, L. | |
| 100 | 1 | _aMoreira, G.C. | |
| 245 | 1 | _aEfeito da radiação gama na sanitização do mamão formosa minimamente processado | |
| 650 | _aMAMÃO | ||
| 650 | _aPROCESSAMENTO MÍNIMO | ||
| 650 | _aRADIAÇÃO | ||
| 650 | _aRAIO GAMA | ||
| 650 | _aPROPRIEDADE ORGANOLÉPTICA | ||
| 650 | _aMICROBIOLOGIA DE ALIMENTO | ||
| 650 | _aSÃO PAULO | ||
| 773 | 0 |
_tHigiene Alimentar (Brazil) _xISSN 0101-9171 _g(Nov 2007), v. 21(156) p. 71-76 _wBR0804375 |
|
| 909 |
_a202311 _bLúcia _c55 _dLúcia Elande |
||
| 942 |
_2AGRIS _n0 _cANA |
||
| 999 |
_c197535 _d197535 |
||